<?xml version="1.0" encoding="UTF-8"?>
<record
    xmlns:xsi="http://www.w3.org/2001/XMLSchema-instance"
    xsi:schemaLocation="http://www.loc.gov/MARC21/slim http://www.loc.gov/standards/marcxml/schema/MARC21slim.xsd"
    xmlns="http://www.loc.gov/MARC21/slim">

  <leader>00964nam a2200265 a 4500</leader>
  <controlfield tag="001">50230</controlfield>
  <controlfield tag="003">BD-RjUL</controlfield>
  <controlfield tag="005">20211209075458.0</controlfield>
  <controlfield tag="008">160824r20071953b  ||||| |||| 00| 0 eng d</controlfield>
  <datafield tag="020" ind1=" " ind2=" ">
    <subfield code="a">9788175222646(V.34) </subfield>
  </datafield>
  <datafield tag="020" ind1=" " ind2=" ">
    <subfield code="a">978817522021X(set).</subfield>
  </datafield>
  <datafield tag="035" ind1=" " ind2=" ">
    <subfield code="a">(BD-RjUL)50350</subfield>
  </datafield>
  <datafield tag="040" ind1=" " ind2=" ">
    <subfield code="a">BD-RjUL</subfield>
    <subfield code="b">ben</subfield>
    <subfield code="c">BD-RjUL</subfield>
  </datafield>
  <datafield tag="041" ind1=" " ind2=" ">
    <subfield code="a">ben</subfield>
  </datafield>
  <datafield tag="082" ind1=" " ind2=" ">
    <subfield code="2">23</subfield>
    <subfield code="a">781.1</subfield>
    <subfield code="b">TAG 2007</subfield>
  </datafield>
  <datafield tag="100" ind1="1" ind2=" ">
    <subfield code="a">&#x9A0;&#x9BE;&#x995;&#x9C1;&#x9B0;, &#x9B0;&#x9AC;&#x9C0;&#x9A8;&#x9CD;&#x9A6;&#x9CD;&#x9B0;&#x9A8;&#x9BE;&#x9A5; </subfield>
    <subfield code="9">150555</subfield>
  </datafield>
  <datafield tag="245" ind1="1" ind2="0">
    <subfield code="a">&#x997;&#x9C0;&#x9A4;&#x9AE;&#x9BE;&#x9B2;&#x9BF;&#x995;&#x9BE; /</subfield>
    <subfield code="c"> &#x9B0;&#x9AC;&#x9C0;&#x9A8;&#x9CD;&#x9A6;&#x9CD;&#x9B0;&#x9A8;&#x9BE;&#x9A5; &#x9A0;&#x9BE;&#x995;&#x9C1;&#x9B0;</subfield>
  </datafield>
  <datafield tag="260" ind1=" " ind2=" ">
    <subfield code="a">&#x995;&#x9B2;&#x995;&#x9BE;&#x9A4;&#x9BE; :  </subfield>
    <subfield code="b">&#x9AC;&#x9BF;&#x9B6;&#x9CD;&#x9AC;&#x9AD;&#x9BE;&#x9B0;&#x9A4;&#x9C0; &#x997;&#x9CD;&#x9B0;&#x9A8;&#x9CD;&#x9A5;&#x9AC;&#x9BF;&#x9AD;&#x997;,</subfield>
    <subfield code="c">&#x9E8;&#x9E6;&#x9E6;&#x9ED;</subfield>
  </datafield>
  <datafield tag="300" ind1=" " ind2=" ">
    <subfield code="a">&#x996;&#x9A3;&#x9CD;&#x9A1; ;</subfield>
    <subfield code="c">&#x9E8;&#x9ED; &#x9B8;&#x9C7;&#x9AE;&#x9BF;</subfield>
  </datafield>
  <datafield tag="490" ind1=" " ind2=" ">
    <subfield code="a">&#x9B8;&#x9CD;&#x9AC;&#x9B0;&#x9AC;&#x9BF;&#x9A4;&#x9BE;&#x9A8; &#x9E9;&#x9E6; &#x9B8;&#x9BF;&#x9B0;&#x9BF;&#x99C;</subfield>
  </datafield>
  <datafield tag="505" ind1="0" ind2=" ">
    <subfield code="a">&#x996;&#x9A3;&#x9CD;&#x9A1;--&#x9E7;</subfield>
  </datafield>
  <datafield tag="650" ind1=" " ind2=" ">
    <subfield code="a">&#x9B8;&#x999;&#x9CD;&#x997;&#x9C0;&#x9A4;&#x9C7;&#x9B0; &#x9AE;&#x9C2;&#x9B2;&#x9A8;&#x9C0;&#x9A4;&#x9BF;  </subfield>
    <subfield code="9">150489</subfield>
  </datafield>
  <datafield tag="650" ind1=" " ind2=" ">
    <subfield code="a">Basic Principles of Music</subfield>
    <subfield code="9">150469</subfield>
  </datafield>
  <datafield tag="942" ind1=" " ind2=" ">
    <subfield code="2">ddc</subfield>
    <subfield code="c">BK</subfield>
  </datafield>
  <datafield tag="999" ind1=" " ind2=" ">
    <subfield code="c">50230</subfield>
    <subfield code="d">50230</subfield>
  </datafield>
  <datafield tag="952" ind1=" " ind2=" ">
    <subfield code="0">0</subfield>
    <subfield code="1">0</subfield>
    <subfield code="2">ddc</subfield>
    <subfield code="4">0</subfield>
    <subfield code="7">0</subfield>
    <subfield code="8">NFIC</subfield>
    <subfield code="a">RUCL</subfield>
    <subfield code="b">RUCL</subfield>
    <subfield code="c">Stack</subfield>
    <subfield code="d">2011-05-31</subfield>
    <subfield code="e">Paragon Enterprise Lit., Dhaka</subfield>
    <subfield code="g">3451.00</subfield>
    <subfield code="l">0</subfield>
    <subfield code="o">B 781.1 TAG V-1 2007</subfield>
    <subfield code="r">2016-08-24 00:00:00</subfield>
    <subfield code="t">C-2</subfield>
    <subfield code="w">2016-08-24</subfield>
    <subfield code="y">BK</subfield>
  </datafield>
  <datafield tag="952" ind1=" " ind2=" ">
    <subfield code="0">0</subfield>
    <subfield code="1">0</subfield>
    <subfield code="2">ddc</subfield>
    <subfield code="4">0</subfield>
    <subfield code="7">0</subfield>
    <subfield code="8">NFIC</subfield>
    <subfield code="a">RUCL</subfield>
    <subfield code="b">RUCL</subfield>
    <subfield code="c">Stack</subfield>
    <subfield code="d">2011-05-31</subfield>
    <subfield code="e">Paragon Enterprise Lit., Dhaka</subfield>
    <subfield code="g">3451.00</subfield>
    <subfield code="l">0</subfield>
    <subfield code="o">B 781.1 TAG V-2 2007</subfield>
    <subfield code="r">2016-08-24 00:00:00</subfield>
    <subfield code="t">C-2</subfield>
    <subfield code="w">2016-08-24</subfield>
    <subfield code="y">BK</subfield>
  </datafield>
</record>
